CLT Comentada artigo por artigo

Detalles Bibliográficos
Autor principal: Moreira Peixoto, Ulisses Vieira
Formato: eBook
Lenguaje:portugués
Publicado: San Pablo: JH Mizuno, 2018
Materias:
Acceso en línea:Acceso restringido

MARC

LEADER 00000nam a22000007a 4500
005 20190723003342.0
007 cr|||| ||||
008 190723s2018 br |||||s|||| 00||0 por d
020 |a 978-85-7789-349-2 
035 |a 23818 
040 |a vLex 
090 |c 9047  |d 9047 
100 1 |a Moreira Peixoto, Ulisses Vieira 
245 1 0 |a CLT Comentada artigo por artigo  |h [Recurso electrn̤ico] /  |c Ulisses Vieira Moreira Peixoto 
256 |a Servicio en ln̕ea 
260 |a San Pablo:  |b JH Mizuno,  |c 2018 
300 |a 1 recurso electrn̤ico 
500 |a Com a Reforma Trabalhista e a Medida Provisr̤ia nð 808, de 14 de novembro de 2017, surgiram mudanȧs na lg̤ica da relaȯ̂ de trabalho. Dessa forma, o autor sentiu-se na obrigaȯ̂ perante seus leitores de comentar a CLT artigo por artigo, com citaė̳s doutrinr̀ias, jurisprudn̊cias, sm︢ulas, entre outros(as). O autor dividiu o livro em destaque em quatro partes, ou seja, a primeira parte consiste na CLT comentada artigo por artigo; a segunda parte trata das Sm︢ulas do TST separadas por assunto; a terceira parte carrega as Sm︢ulas do TST que foram citadas na Reforma Trabalhista e por fim, a quarta parte apresenta o Quadro Comparativo da CLT com a Lei nð 13.467, de 13 de julho de 2017 e a Medida Provisr̤ia nð 808, de 14 de novembro de 2017. A obra carrega vr̀ios modelos prt̀icos da r̀ea trabalhista, tais como: aviso, carta, contrato, comunicado, comprovante, convenȯ̂, declaraȯ̂, formulr̀io, guia, proposta, recibo, requerimento, solicitaȯ̂, termo, inquřito para apuraȯ̂ de falta grave, aȯ̂ reclamatr̤ia, aȯ̂ de cumprimento, recurso ordinr̀io, recurso de revista, agravo de petiȯ̂, recurso extraordinr̀io, recurso administrativo, embargos ̉execuȯ̂, embargos de terceiro, embargos ̉arremataȯ̂, embargos de declaraȯ̂, etc. Por todo o exposto, apresentamos ̉comunidade jurd̕ica uma obra com o objetivo de auxiliar o entendimento da CLT e das mudanȧs trazidas pela Reforma Trabalhista e pela Medida Provisr̤ia nð 808, de 14 de novembro de 2017. 
506 1 |a Disponible solo en los productos indicados  |d vLex Global  |d vLex Global (Academic Edition, excluding Law Schools)  |d vLex Global (U.S. Academic Edition, Law Schools)  |d vLex Global (U.S. Academic Edition, excluding Law Schools)  |d vLex Global (Academic Edition, Law Schools) 
650 0 4 |a Derecho Laboral y Seguridad Social  |z Brasil 
650 0 4 |a Procedimiento Laboral  |z Brasil 
740 0 |a vLex Libros (Servicio en ln̕ea) 
856 4 0 |u http://vlex.com/source/clt-comentada-artigo-por-artigo-23818  |z Acceso restringido 
942 |c BOOK 
999 0 |a Labor Law and Social Security 
999 0 |a Labor Procedure